Arts, Research, Innovation and Society

This book explores – at the macro, meso and micro levels and in terms of qualitative as well as quantitative studies – theories, policies and practices about the contributions of artistic research and innovations towards defining new forms of knowledge, knowledge production, as well as knowledge dif...

Full description

Bibliographic Details
Corporate Author: SpringerLink (Online service)
Other Authors: Bast, Gerald (Editor), Carayannis, Elias G. (Editor), Campbell, David F. J. (Editor)
Format: Electronic eBook
Language:English
Published: Cham : Springer International Publishing : Imprint: Springer, 2015.
Series:Arts, Research, Innovation and Society
Subjects:
Online Access:Full Text via HEAL-Link
LEADER 04482nam a22005295i 4500
001 978-3-319-09909-5
003 DE-He213
005 20151204182110.0
007 cr nn 008mamaa
008 141119s2015 gw | s |||| 0|eng d
020 |a 9783319099095  |9 978-3-319-09909-5 
024 7 |a 10.1007/978-3-319-09909-5  |2 doi 
040 |d GrThAP 
050 4 |a HD28-70 
072 7 |a KJMV6  |2 bicssc 
072 7 |a PDG  |2 bicssc 
072 7 |a BUS087000  |2 bisacsh 
082 0 4 |a 658.514  |2 23 
245 1 0 |a Arts, Research, Innovation and Society  |h [electronic resource] /  |c edited by Gerald Bast, Elias G. Carayannis, David F. J. Campbell. 
264 1 |a Cham :  |b Springer International Publishing :  |b Imprint: Springer,  |c 2015. 
300 |a X, 297 p. 108 illus., 75 illus. in color.  |b online resource. 
336 |a text  |b txt  |2 rdacontent 
337 |a computer  |b c  |2 rdamedia 
338 |a online resource  |b cr  |2 rdacarrier 
347 |a text file  |b PDF  |2 rda 
490 1 |a Arts, Research, Innovation and Society 
505 0 |a Introduction -- Fighting Creative Illiteracy -- Art and Artistic Research in Quadruple and Quintuple Helix Innovation Systems -- The Culture of Information and the Information of Culture -- Art, Research and Society – New Ecology – The Affective Power -- Crossing Thresholds -- A 3D “T-shaped” Design Education Framework -- The Heterodox Pedagogy: Hackerspaces and Collaborative Education in Design -- The Noetic Turn: From Language-based to Tool-based Knowledge Trees -- United Micro Kingdoms: A Design Fiction (2013), Critical Design FAQ (2007) -- “A Certain Frustration …”: Paradoxes – Problematics – Perspectives in Artistic Research Today -- Thinking Out of the Urban Design Toolbox -- Heterotopoetic -- Art & Design as Social Fabric -- Provocation as a Constructive Element in the Arts and in Education to Foster Societal Development and Innovation -- Conclusion. 
520 |a This book explores – at the macro, meso and micro levels and in terms of qualitative as well as quantitative studies – theories, policies and practices about the contributions of artistic research and innovations towards defining new forms of knowledge, knowledge production, as well as knowledge diffusion, absorption and use. Artistic research, artistic innovations and arts-based innovations have been major transformers, as well as disruptors, of the ways in which societies, economies, and political systems perform. Ramifications here refer to the epistemic socio-economic, socio-political and socio-technical base and aesthetic considerations on the one hand, as well as to strategies, policies, and practices on the other, including sustainable enterprise excellence, considerations in the context of knowledge economies, societies and democracies. Creativity in general, and the arts in particular, are increasingly recognized as drivers of cultural, economic, political, social, and scientific innovation and development. This book examines how one could derive and develop insights in these areas from the four vantage points of Arts, Research, Innovation and Society. Among the principal questions that are examined include: -          Could and should artists be researchers? -          How are the systems of the Arts and Sciences connected and/or disconnected? -          What is the impact of the arts in societal development? -          How are the Arts interrelated with the mechanisms of generating social, scientific and economic innovation?   As the inaugural book in the Arts, Research, Innovation and Society series, this book uses a thematically wide spectrum that serves as a general frame of reference for the entire series of books to come. 
650 0 |a Business. 
650 0 |a Arts. 
650 0 |a Management. 
650 0 |a Industrial management. 
650 0 |a Political economy. 
650 1 4 |a Business and Management. 
650 2 4 |a Innovation/Technology Management. 
650 2 4 |a Political Economy. 
650 2 4 |a Arts. 
700 1 |a Bast, Gerald.  |e editor. 
700 1 |a Carayannis, Elias G.  |e editor. 
700 1 |a Campbell, David F. J.  |e editor. 
710 2 |a SpringerLink (Online service) 
773 0 |t Springer eBooks 
776 0 8 |i Printed edition:  |z 9783319099088 
830 0 |a Arts, Research, Innovation and Society 
856 4 0 |u http://dx.doi.org/10.1007/978-3-319-09909-5  |z Full Text via HEAL-Link 
912 |a ZDB-2-SBE 
950 |a Business and Economics (Springer-11643)